HOSPITAL AND CLINICAL PHARMACY (Record no. 5871)

MARC details
000 -LEADER
fixed length control field 00424nam a22001697a 4500
005 - DATE AND TIME OF LATEST TRANSACTION
control field 20240108152147.0
008 - FIXED-LENGTH DATA ELEMENTS--GENERAL INFORMATION
fixed length control field 190528b xxu||||| |||| 00| 0 eng d
020 ## - INTERNATIONAL STANDARD BOOK NUMBER
ISBN 978-81-85790-66-4
041 ## - LANGUAGE CODE
Language code of text/sound track or separate title eng
100 ## - MAIN ENTRY--AUTHOR NAME
Personal name YADAV, DR. A.V AND YADAV, B.V.
245 ## - TITLE STATEMENT
Title HOSPITAL AND CLINICAL PHARMACY
250 ## - EDITION STATEMENT
Edition statement 8th, Edition, 2019
260 ## - PUBLICATION, DISTRIBUTION, ETC. (IMPRINT)
Place of publication PUNE
Name of publisher NIRALI PRAKASHAN
300 ## - PHYSICAL DESCRIPTION
Number of Pages 1.2p,
650 ## - SUBJECT ADDED ENTRY--TOPICAL TERM
Topical Term PHARMACY
942 ## - ADDED ENTRY ELEMENTS (KOHA)
Koha item type Books
Holdings
Lost status Damaged status Collection code Home library Current library Shelving location Date acquired Source of acquisition Cost, normal purchase price Accession Number Koha item type
    PHARMACY JRU Library JRU Library SHELF-4-B 28/05/2019 PURCHESS 190.00 22791 Books
    PHARMACY JRU Library JRU Library SHELF - 19 - H 28/05/2019 PURCHESS 190.00 22792 Books
    PHARMACY JRU Library JRU Library SHELF - 19 - H 28/05/2019 PURCHESS 190.00 22793 Books